Os Túneis são redondos (Registo nº 5946)
[ vista simples ]
| 000 -Etiqueta do registo | |
|---|---|
| Valores | 01220cam a22002653 4500 |
| 010 ## - Número ISBN | |
| ISBN | 972649401X |
| 021 ## - Número do Depósito Legal | |
| Número | 98795/96 |
| 100 ## - Dados gerais de processamento | |
| Dados gerais | 20211231d1996 d||y0pory5003 ba |
| 200 1# - Titulo e menção de responsabilidade | |
| Título próprio | Os Túneis são redondos |
| Informação de outro título | E outras perguntas sobre construção |
| Primeira menção de responsabilidade | Steve Parker |
| Outras menções de responsabilidade | trad. Maria João Rodrigues |
| 210 #9 - Publicação | |
| Local de publicação | Porto |
| Nome do editor | Desabrochar |
| Data de publicação | 1996 |
| 215 ## - Descrição física | |
| Paginação / Volumes | 32 p. |
| Outras indicações físicas | il. |
| 225 2# - Colecção | |
| Título próprio da colecção | Porque será que |
| 304 ## - Nota relativa ao título | |
| Texto de nota | Tít. orig.: I wonder why tunnels are round and other questions about building |
| 330 ## - Sumário ou Resumo | |
| Texto da nota | Cheios de respostas prontas a todas aquelas perguntas complicadas sobre o funcionamento do mundo, os livros Porque Será Que são uma maneira brilhante e manter as mentes jovens a trabalhar. Com informações e factos que, de uma forma hábil, explicam tudo, desde «Que peso consegue uma grua levantar?», «Como se faz a demolição de um edifício?», Porque Será Que os Túneis São Redondos, etc... |
| 606 ## - Nome comum usado como assunto | |
| ID Autoridade | 804 |
| Palavra de ordem | Publicação para jovens |
| 606 ## - Nome comum usado como assunto | |
| ID Autoridade | 3851 |
| Palavra de ordem | Tecnologia |
| 675 ## - CDU | |
| Notação | 087.5 |
| Língua | por |
| 675 ## - CDU | |
| Notação | 62 |
| Língua | por |
| 700 ## - Autor principal (pessoa individual) | |
| Apelido | Parker |
| Nome | Steve |
| Datas | 1952- |
| ID Autoridade | 4687 |
| 702 ## - Autor secundário (pessoa individual) | |
| Apelido | Rodrigues |
| Nome | Maria João |
| ID Autoridade | 2444 |
| 801 #0 - Fonte de origem | |
| País | PT |
| Agência | BMVN |
| Regras de catalogação | RPC |
| 830 ## - Notas gerais do catalogador | |
| Criado por | Inês Silva |
| Data de criação | 31/12/2021 |
| 990 ## - Elementos KOHA | |
| Tipo de documento | Livro |
| Situação do levantamento | Biblioteca de origem | Código de barras | Cota | Permissão de empréstimo | Tipo de documento | Forma de aquisição |
|---|---|---|---|---|---|---|
| Biblioteca Municipal de Vendas Novas | 100000038210 | CF PAR/POR | Livro |